Sette meraviglie del mondo antico - Statistics

Statistiche generali
  • Questo quiz è stato fatto 41 volte
  • Il punteggio medio è 5 su 7
Statistiche sulle risposte
Data di costruzione Nazione attuale Meraviglia del mondo % Corretto
2584-2561 a.C. Egitto Piramide di Cheope
91%
600 a.C. Iraq Giardini pensili di Babilonia
88%
292-280 a.C. Grecia Colosso di Rodi
82%
280 a.C. (circa) Egitto Faro di Alessandria
59%
466-456 a.C. (tempio) 435 a.C. (statua) Grecia Statua di Zeus a Olimpia
50%
351 a.C. Turchia Mausoleo di Alicarnasso
41%
550 a.C. circa; poi 323 a.C. Turchia Tempio di Artemide
38%
Nessun quiz corrispondente trovato
Distribuzione punteggi
Percentuale di utenti per punteggio
Percentile per numero di risposta
I tuoi punteggi nel tempo
Non hai fatto questo quiz